Taxpayer services : (Record no. 509628)

000 -LEADER
fixed length control field 00545nam a22001457a 4500
082 ## - DEWEY DECIMAL CLASSIFICATION NUMBER
Classification number APPPA 2018-19\GOS
100 ## - MAIN ENTRY--PERSONAL NAME
Personal name Goswami, Bhaskar
9 (RLIN) 5710
245 ## - TITLE STATEMENT
Title Taxpayer services :
Remainder of title New horizons for income tax payers
Statement of responsibility, etc by Bhaskar Goswami
260 ## - PUBLICATION, DISTRIBUTION, ETC. (IMPRINT)
Place of publication, distribution, etc New Delhi
Name of publisher, distributor, etc Indian Institute of Public Administration
Date of publication, distribution, etc 2019
300 ## - PHYSICAL DESCRIPTION
Extent 106p.
500 ## - GENERAL NOTE
General note APPPA Dissertation, 2018-19 (Guide : Prof Ashok Vishandass)
650 ## - SUBJECT ADDED ENTRY--TOPICAL TERM
Topical term or geographic name as entry element Income tax -- Law and legislation -- India.
9 (RLIN) 6372
650 ## - SUBJECT ADDED ENTRY--TOPICAL TERM
Topical term or geographic name as entry element Taxation -- India
9 (RLIN) 6373
650 ## - SUBJECT ADDED ENTRY--TOPICAL TERM
Topical term or geographic name as entry element Income tax -- India.
9 (RLIN) 6374
Holdings
Withdrawn status Lost status Source of classification or shelving scheme Damaged status Koha normalized classification for sorting Not for loan Permanent location Current location Date acquired Full call number Barcode Date last seen Price effective from Koha item type
        APPPA_201819GOS   Indian Institute of Public Administration Indian Institute of Public Administration 2019-05-16 APPPA 2018-19\GOS GR21074 2019-05-16 2019-05-16 GR

Powered by Koha